Datum a čas kvízu
27.5
Celkem bodů
Celkový počet nahraných bodů na tomto kvízu bez doplňovacích otázek.
9.
Pořadí na kvízu
Konečné umístění týmu na tomto kvízu.
Zaznamenané odpovědi
| # | Otázka | Odpověď | Body | Výsledky |
|---|---|---|---|---|
| 1. | U jednoho nově otevřeného obch... | pro ženy | 0 | |
| 2. | Britský královský pár minulou... | Řím | 0 | |
| 3. | Minulý týden byl představen tr... | Mission Impossible; Poslední zúčtování/ The Final Reckoning | 1 | |
| 4. | Ve středu jsme se dozvěděli, ž... | MARS (4×4) | 0 | |
| 5. | Ve středu začalo hokejové mist... | České Budějovice | 1 | |
| 6. | Dovtípíte se, co bylo objeveno... | Velikonoční ostrov | 1 | |
| 7. | S Velikonocemi je spojena řada... | o kříž | 0 | |
| 8. | Velký pátek je v České republi... | 2016 (2015–2017) | 1 | |
| 9. | Jak se jmenuje pohanský svátek... | D | 0 | |
| 10. | Australané nejsou vzhledem k t... | bandikut (králíkovitý) | 1 |